00389nam a2200169Ia 4500008004100000020001800041050001400059100002100073245001500094245002400109260001500133260001600148260000900164300001600173300002000189300001000209170918s9999 xx 000 0 und d a9780545907033 bS543 2015 aSheinmel, Alyssa aFaceless / cby Alyssa Sheinmel. aNew York : bScholastic, c2015 a341 pages : billustrations ; c20cm.